Kongzi xue shuo lun ji /
Saved in:
| Main Author: | |
|---|---|
| Format: | Book |
| Language: | Chinese |
| Published: |
Taibei :
Zheng zhong shu ju,
1958.
|
| Subjects: | |
| Tags: |
Add Tag
No Tags, Be the first to tag this record!
|
| LEADER | 00771cam a2200241 a 4500 | ||
|---|---|---|---|
| 001 | 007724139-8 | ||
| 005 | 20024617104250.0 | ||
| 008 | 880316s1958 ch 000 0 chi c | ||
| 010 | |a c 60005264 | ||
| 035 | 0 | |a ocm17637842 | |
| 040 | |a Harvard Univ. Chinese-Japanese Library |c CFS |d CFS |d OCoLC |d *YNH* |d CStRLIN | ||
| 050 | 0 | |a BL1851 |b .C53 | |
| 100 | 1 | |6 880-01 |a Chen, Daqi, |d 1886- | |
| 245 | 1 | 0 | |6 880-02 |a Kongzi xue shuo lun ji / |c Chen Daqi zhu. |
| 260 | |6 880-03 |a Taibei : |b Zheng zhong shu ju, |c 1958. | ||
| 300 | |a 10, 2, 165 p. ; |c 21 cm. | ||
| 600 | 0 | 0 | |a Confucius. |
| 650 | 0 | |a Confucianism. | |
| 880 | 1 | |6 100-01 |a 陳大齊, |d 1886- | |
| 880 | 1 | 0 | |6 245-02 |a 孔子學說論集 / |c 陳大齊著. |
| 880 | |6 260-03 |a 臺北 : |b 正中書局, |c 1958. | ||
| 988 | |a 20021127 | ||
| 906 | |0 MH | ||


